The Eras Tour Intro - Taylor Swift LYRICS - Statistics

General Stats
  • This quiz has been taken 73 times
  • The average score is 116 of 132
Answer Stats
Answer % Correct
I
100%
a
98%
and
96%
(And
96%
It's
96%
(It's
96%
been
94%
coming
94%
in
94%
long
94%
(My
94%
Taylor
94%
time
94%
was
94%
1989)
93%
born
93%
fearless,
93%
is
93%
red)
93%
(Red,
93%
red,
93%
name
91%
reputation)
91%
folklore)
89%
Now)
89%
Speak
89%
(Evermore)
87%
me)
87%
me
87%
(Lover,
85%
(Lover)
85%
(Lovin'
83%
him
81%
midnight)
81%
the
81%
you
81%
(Big
80%
(Into
80%
said
80%
they
80%
at
63%
(Meet
63%
department)
52%
poets
52%
tortured
52%
I'm
46%
from
43%
(Straight
43%
nice)
41%
back?)
37%
(What
37%
if
35%
told
35%
(Hey)
22%
No matching quizzes found
Score Distribution
Percent of People with Each Score
Percentile by Number Answered
Your Score History
You have not taken this quiz